000 01663nam a2200361 c 4500
003 BLK
005 20180420223623.0
008 180408b bul|||||r ||||||| ||bul||
010 _aKNG00072987000
020 _a954-680-092-9
_bиздат.: Унив. изд. Неофит Рилски
040 _aBLK
041 _aBUL
_cBUL
080 _aОснови на възпитанието (материални, теоретични, философски и др.). Педагогика
_b37.01
_x
_z37.01
080 _aОбщи въпроси на дидактиката и методиката
_b37.02
_x
_z37.02
100 1 _aВеликова, Вилия Иванова
_eпърви автор
_9260844
139 _aВеликова, Вилия Иванова
_bВ 39
245 1 0 _aКонцептуализиране на образователната дейност като метапедагогически проблем
_cВилия Иванова Великова.
257 _aBGR
260 Благоевград
_bУнив. изд. Неофит Рилски
_c1998
_fБлагоевград : Полипринт
300 _a220 с.
_bс ил.
_c21 см
380 _a3
500 _aКн. деп. 2002. - Библиогр. с. 205-214 ; Именен, предм. показалец
504 _a205-214
650 4 _aПедагогика - философия и методология
_9269339
650 4 _aОбучение
_9164588
653 _aпедагогика
653 _aобучение
852 _aЦб 232408
856 4 _qpdf
_u
856 4 _qpdf
_u
942 _cKNG
_n0
944 _aCR
_c15.03.2007
_kЦветанка_Енчева
944 _aED
_c23.03.2007
_k
999 _c68658
_d68658